[Event "4NCL Division 1 & 2"]
[Site "Daventry, ENG"]
[Date "2022.05.01"]
[Round "8.34"]
[White "Arkell, Keith C"]
[Black "Davies, Nigel R"]
[Result "1-0"]
[WhiteElo "2383"]
[BlackElo "2462"]
[PlyCount "89"]
[EventDate "2022.05.01"]
[WhiteTeam "Cheddleton"]
[BlackTeam "Guildford Young Guns"]

1. d4 e6 2. c4 Nf6 3. Nf3 b6 4. g3 c6 5. Bg2 Be7 6. O-O O-O 7. Nbd2 d5 8. Qc2
Bb7 9. e4 Na6 10. a3 dxc4 11. e5 Nd5 12. Nxc4 c5 13. dxc5 Nxc5 14. b4 Nd7 15.
Bb2 Qc7 16. Rfc1 Rac8 17. Qe2 Qb8 18. Nfd2 b5 19. Nd6 Bxd6 20. exd6 Qxd6 21.
Qxb5 N7b6 22. Ne4 Qb8 23. Nc5 Nc7 24. Qe2 Bxg2 25. Kxg2 Qa8+ 26. Kg1 Rfd8 27.
a4 Nd7 28. b5 Nxc5 29. Rxc5 Ne8 30. Rac1 Rxc5 31. Rxc5 Rd7 32. Bc3 Nd6 33. Rc6
Qd8 34. Be5 Nf5 35. Qc4 Ne7 36. Rc7 Rd1+ 37. Kg2 h5 38. Rb7 Qd2 39. Rxe7 Qe1
40. Re8+ Kh7 41. Qc2+ f5 42. Rxe6 Qf1+ 43. Kf3 Qh3 44. Re7 Qg4+ 45. Kg2 1-0

[Event "4NCL Division 1 & 2"]
[Site "Daventry, ENG"]
[Date "2022.05.01"]
[Round "8.35"]
[White "Suarez Real, Alberto"]
[Black "Astaneh Lopez, Alex"]
[Result "0-1"]
[WhiteElo "2446"]
[BlackElo "2430"]
[PlyCount "104"]
[EventDate "2022.05.01"]
[WhiteTeam "Guildford Young Guns"]
[BlackTeam "Cheddleton"]

1. e4 e5 2. Nf3 Nf6 3. Nxe5 d6 4. Nf3 Nxe4 5. d4 d5 6. Bd3 Nc6 7. O-O Be7 8. c4
Nb4 9. Be2 O-O 10. Nc3 Bf5 11. a3 Nxc3 12. bxc3 Nc6 13. Re1 Re8 14. cxd5 Qxd5
15. c4 Qd6 16. Ra2 Bf6 17. Rd2 Bg4 18. d5 Na5 19. Rc2 Nb3 20. Be3 Qxa3 21. Qb1
a5 22. c5 Rxe3 23. fxe3 Nxc5 24. Bf1 Bf5 25. Ra2 Bxb1 26. Rxa3 Be4 27. Bc4 b6
28. Nd4 Rd8 29. Nb5 Be5 30. Ra2 Rd7 31. Ree2 Bxd5 32. Bxd5 Rxd5 33. Red2 Nd3
34. e4 Rxb5 35. Rxd3 Kf8 36. Rd8+ Ke7 37. Rh8 c5 38. Kf2 c4 39. Rc2 c3 40. Ke3
h6 41. Ra8 Rb4 42. Ra7+ Ke6 43. Ra6 f5 44. exf5+ Kxf5 45. Kd3 a4 46. Rf2+ Kg5
47. Re2 Bf6 48. Re6 b5 49. Ra5 Kf4 50. Rb6 Rd4+ 51. Kc2 Rd2+ 52. Kc1 Bd8 0-1

[Event "4NCL Division 1 & 2"]
[Site "Daventry, ENG"]
[Date "2022.05.01"]
[Round "8.36"]
[White "Eggleston, David J"]
[Black "Golding, Alex"]
[Result "1/2-1/2"]
[WhiteElo "2312"]
[BlackElo "2305"]
[PlyCount "73"]
[EventDate "2022.05.01"]
[WhiteTeam "Cheddleton"]
[BlackTeam "Guildford Young Guns"]

1. e4 e5 2. Nf3 Nc6 3. Bc4 Be7 4. d3 Nf6 5. O-O O-O 6. Re1 d6 7. a4 h6 8. h3
Nh7 9. Nc3 Ng5 10. Nd5 Nxf3+ 11. Qxf3 Nd4 12. Qd1 Bg5 13. c3 Bxc1 14. Rxc1 Ne6
15. g3 c6 16. Ne3 Nc7 17. Qh5 Qg5 18. Qxg5 hxg5 19. Kg2 Be6 20. d4 Rfd8 21.
Bxe6 Nxe6 22. Red1 f6 23. a5 Kf7 24. b4 g6 25. d5 Nc7 26. c4 cxd5 27. exd5 Rac8
28. c5 dxc5 29. Rxc5 Na6 30. Rxc8 Rxc8 31. d6 Ke6 32. Nd5 Rd8 33. b5 Nc5 34.
Nc7+ Kd7 35. Nd5 Ke6 36. Nc7+ Kd7 37. Nd5 1/2-1/2

[Event "4NCL Division 1 & 2"]
[Site "Daventry, ENG"]
[Date "2022.05.01"]
[Round "8.38"]
[White "Pert, Max"]
[Black "Golding, William"]
[Result "1/2-1/2"]
[WhiteElo "1893"]
[BlackElo "1865"]
[PlyCount "110"]
[EventDate "2022.05.01"]
[WhiteTeam "Cheddleton"]
[BlackTeam "Guildford Young Guns"]

1. d4 Nf6 2. Bg5 e6 3. e4 Be7 4. e5 Nd5 5. Bxe7 Nxe7 6. Bd3 d5 7. Nd2 a6 8. c3
Nd7 9. Ngf3 b5 10. a4 c6 11. axb5 cxb5 12. Bxb5 Qb6 13. Bxd7+ Bxd7 14. Qc2 O-O
15. O-O Rab8 16. Rab1 Rfc8 17. Rfe1 h6 18. Rec1 Bb5 19. Ne1 Nc6 20. Ndf3 a5 21.
Qd2 Bc4 22. Nd3 a4 23. Nc5 Ra8 24. h3 Qb5 25. Qe3 Na5 26. Ne1 Nb3 27. Nxb3 Qxb3
28. Nd3 Bxd3 29. Qxd3 Rab8 30. Qc2 Qc4 31. Ra1 Rb3 32. Qd2 Rcb8 33. Rc2 Ra8 34.
Qe2 Qxe2 35. Rxe2 Kf8 36. Kf1 Rb7 37. Ra2 Ke7 38. Re1 Rab8 39. Rb1 Rb3 40. Rxa4
Rxb2 41. Ra7+ Kf8 42. Rxb2 Rxb2 43. Rc7 Rc2 44. g3 g6 45. Kg2 Kg7 46. h4 g5 47.
hxg5 hxg5 48. Kf3 Kg6 49. Rc8 Kg7 50. Ke3 g4 51. Kf4 Rxf2+ 52. Kxg4 Rc2 53. Kg5
Rc1 54. g4 Rc2 55. Kh4 Rc1 1/2-1/2

[Event "4NCL Division 1 & 2"]
[Site "Daventry, ENG"]
[Date "2022.05.01"]
[Round "8.41"]
[White "Jackson, James P"]
[Black "Murphy, Conor E"]
[Result "1/2-1/2"]
[WhiteElo "2400"]
[BlackElo "2403"]
[PlyCount "56"]
[EventDate "2022.05.01"]
[WhiteTeam "Barbican 4NCL"]
[BlackTeam "Cambridge University 1"]

1. e4 e5 2. Nf3 Nc6 3. Bc4 Nf6 4. d3 Bc5 5. c3 d6 6. a4 a5 7. O-O Ba7 8. Re1 h6
9. Na3 O-O 10. h3 Re8 11. Nb5 Bb6 12. Be3 Bxe3 13. Rxe3 Be6 14. Bxe6 Rxe6 15.
Nd2 d5 16. exd5 Nxd5 17. Rg3 Qe7 18. Nc4 Rd8 19. Ne3 Nxe3 20. Rxe3 Qd7 21. Qe2
Rg6 22. Rf1 Rf6 23. Rd1 Rf4 24. Re4 Rxe4 25. Qxe4 Re8 26. Re1 Re6 27. Qc4 Rf6
28. Re3 Kh7 1/2-1/2

[Event "4NCL Division 1 & 2"]
[Site "Daventry, ENG"]
[Date "2022.05.01"]
[Round "8.42"]
[White "Tanmay Chopra"]
[Black "D'Costa, Lorin"]
[Result "1/2-1/2"]
[WhiteElo "2302"]
[BlackElo "2377"]
[PlyCount "65"]
[EventDate "2022.05.01"]
[WhiteTeam "Cambridge University 1"]
[BlackTeam "Barbican 4NCL"]

1. d4 Nf6 2. c4 e6 3. Nf3 b6 4. a3 Ba6 5. Qc2 Bb7 6. Nc3 c5 7. e4 cxd4 8. Nxd4
Bc5 9. Nf3 Nc6 10. b4 Be7 11. Bf4 Nh5 12. Be3 Qb8 13. Rd1 d6 14. Be2 Nf6 15. h3
O-O 16. O-O Rc8 17. Qb3 Ne5 18. Nd2 Ned7 19. f4 a6 20. f5 e5 21. a4 h6 22. g3
Qc7 23. Rc1 Qd8 24. h4 Qf8 25. Nd5 Bd8 26. Kg2 b5 27. a5 bxc4 28. Bxc4 Rab8 29.
Ba7 Ra8 30. Bg1 Rab8 31. Ba7 Ra8 32. Bg1 Rab8 33. Ba7 1/2-1/2

[Event "4NCL Division 1 & 2"]
[Site "Daventry, ENG"]
[Date "2022.05.01"]
[Round "8.43"]
[White "Franklin, Samuel G A"]
[Black "Bisby, Daniel L"]
[Result "0-1"]
[WhiteElo "2328"]
[BlackElo "2282"]
[PlyCount "108"]
[EventDate "2022.05.01"]
[WhiteTeam "Barbican 4NCL"]
[BlackTeam "Cambridge University 1"]

1. c4 d6 2. Nc3 Nf6 3. g3 e5 4. Bg2 Be7 5. e4 c6 6. Nge2 Nbd7 7. O-O O-O 8. d3
a6 9. h3 b5 10. Be3 Bb7 11. b3 b4 12. Na4 d5 13. exd5 cxd5 14. d4 Rb8 15. dxe5
Nxe5 16. Bf4 Bd6 17. cxd5 Ng6 18. Bg5 h6 19. Bxf6 Qxf6 20. Qd2 Rfd8 21. Rac1
Ne5 22. f4 Nd7 23. Kh2 h5 24. Qb2 Re8 25. Rc2 Qg6 26. Nd4 Re3 27. Rf3 Rbe8 28.
Qc1 Re1 29. Qd2 Bxd5 30. Rf2 R8e3 31. Ne2 R1xe2 32. Rxe2 Qxg3+ 33. Kg1 Bxg2 34.
Rxe3 Bf3+ 35. Qg2 Qxg2+ 36. Rxg2 Bxg2 37. Kxg2 Bxf4 38. Re4 g5 39. Rxb4 Kg7 40.
Rb7 Ne5 41. Nc5 Kg6 42. Nxa6 g4 43. hxg4 hxg4 44. a4 Nf3 45. Re7 Nh4+ 46. Kf1
g3 47. Re2 Kg5 48. Nc5 Kg4 49. Nd3 Bb8 50. Re4+ Kf3 51. Re7 g2+ 52. Kg1 Kg3 53.
Rxf7 Ba7+ 54. Nf2 Nf3+ 0-1

[Event "4NCL Division 1 & 2"]
[Site "Daventry, ENG"]
[Date "2022.05.01"]
[Round "8.44"]
[White "Hill, Alistair"]
[Black "Taylor, Martin R"]
[Result "1/2-1/2"]
[WhiteElo "2223"]
[BlackElo "2338"]
[PlyCount "51"]
[EventDate "2022.05.01"]
[WhiteTeam "Cambridge University 1"]
[BlackTeam "Barbican 4NCL"]

1. e4 Nf6 2. e5 Nd5 3. d4 d6 4. Nf3 g6 5. Bc4 Nb6 6. Bb3 Bg7 7. O-O O-O 8. a4
a5 9. Re1 Nc6 10. c3 Bg4 11. exd6 exd6 12. h3 Bxf3 13. Qxf3 d5 14. Bf4 Qd7 15.
Nd2 Nd8 16. Bg3 Ne6 17. Qd3 c5 18. dxc5 Nxc5 19. Qb5 Qxb5 20. axb5 Nxb3 21.
Nxb3 Nc4 22. Re7 b6 23. Rb7 Rfe8 24. Nd4 Bxd4 25. cxd4 a4 26. Bf4 1/2-1/2

[Event "4NCL Division 1 & 2"]
[Site "Daventry, ENG"]
[Date "2022.05.01"]
[Round "8.45"]
[White "Griffiths, Ryan Rhys"]
[Black "McClement, Andrew"]
[Result "1-0"]
[WhiteElo "2351"]
[BlackElo "2221"]
[PlyCount "41"]
[EventDate "2022.05.01"]
[WhiteTeam "Barbican 4NCL"]
[BlackTeam "Cambridge University 1"]

1. d4 Nf6 2. c4 e6 3. Nc3 Bb4 4. e3 d5 5. cxd5 exd5 6. Bd3 O-O 7. Nge2 Re8 8.
Bd2 Bd6 9. Rc1 a6 10. O-O b6 11. Nf4 Bb7 12. Qf3 Ne4 13. Be1 Bf8 14. a3 Qd6 15.
b4 Nd7 16. Ncxd5 f5 17. Nxc7 Rec8 18. Nfe6 g6 19. Qd1 Ra7 20. Bc4 b5 21. Bb3
1-0

[Event "4NCL Division 1 & 2"]
[Site "Daventry, ENG"]
[Date "2022.05.01"]
[Round "8.46"]
[White "Mihalik, Agoston"]
[Black "Sowray, Peter J"]
[Result "0-1"]
[WhiteElo "2165"]
[BlackElo "2243"]
[PlyCount "154"]
[EventDate "2022.05.01"]
[WhiteTeam "Cambridge University 1"]
[BlackTeam "Barbican 4NCL"]

1. e4 c5 2. Nf3 d6 3. Bb5+ Nd7 4. O-O a6 5. Bd3 Ngf6 6. c3 b5 7. Re1 e6 8. a4
c4 9. Bc2 Bb7 10. d4 cxd3 11. Bxd3 bxa4 12. c4 Be7 13. Nc3 Nc5 14. Bg5 O-O 15.
Qc2 h6 16. Bh4 g5 17. Bg3 Nh5 18. Nxa4 Nxd3 19. Qxd3 Nxg3 20. hxg3 Qc7 21. Nd4
Bf6 22. Rad1 Rac8 23. b3 Rfd8 24. f4 Bc6 25. Nxc6 Qxc6 26. Kh1 Rb8 27. Qe3 Rd7
28. Rd3 Rdb7 29. Rf1 Bg7 30. Qf3 g4 31. Qd1 Qxe4 32. Rxd6 Qf5 33. Rd3 Bf6 34.
Kg1 h5 35. Re1 Kg7 36. Kf2 h4 37. Rh1 hxg3+ 38. Kxg3 Qxd3+ 39. Qxd3 Rxb3 40.
Rd1 Rxd3+ 41. Rxd3 Be7 42. Rd7 Rb3+ 43. Kf2 Bh4+ 44. Ke2 Rb4 45. Nc5 Rxc4 46.
Nxe6+ Kg6 47. Nf8+ Kf6 48. Nh7+ Kg7 49. Ng5 Bxg5 50. fxg5 Rc5 51. g6 Re5+ 52.
Kf2 Kxg6 53. Kg3 Re4 54. Kh4 f6 55. Rd6 a5 56. Ra6 a4 57. g3 Kf5 58. Ra5+ Ke6
59. Ra6+ Kd5 60. Rxf6 Kc4 61. Rc6+ Kb3 62. Rb6+ Rb4 63. Re6 a3 64. Re3+ Kb2 65.
Re2+ Kc1 66. Ra2 Ra4 67. Rxa3 Rxa3 68. Kxg4 Kd2 69. Kf4 Kd3 70. g4 Kd4 71. Kf5
Rf3+ 72. Ke6 Rg3 73. Kf5 Kd5 74. g5 Kd6 75. Kf6 Rf3+ 76. Kg7 Ke7 77. g6 Rg3 0-1

[Event "4NCL Division 1 & 2"]
[Site "Daventry, ENG"]
[Date "2022.05.01"]
[Round "8.47"]
[White "Bhatia, Kanwal K"]
[Black "Robertson, J Stuart"]
[Result "0-1"]
[WhiteElo "2018"]
[BlackElo "2162"]
[PlyCount "102"]
[EventDate "2022.05.01"]
[WhiteTeam "Barbican 4NCL"]
[BlackTeam "Cambridge University 1"]

1. e4 c5 2. c3 Nf6 3. e5 Nd5 4. d4 cxd4 5. Nf3 e6 6. cxd4 d6 7. Bc4 Nc6 8. O-O
Be7 9. Re1 O-O 10. a3 Bd7 11. Nbd2 dxe5 12. dxe5 Qc7 13. Qe2 Rac8 14. Qe4 Rfd8
15. Bd3 g6 16. Nc4 Na5 17. Nxa5 Qxa5 18. Bg5 Bb5 19. Red1 Bxd3 20. Rxd3 Qb5 21.
Rad1 Rc4 22. Rd4 Rdc8 23. h4 h5 24. Qd3 Bxg5 25. Nxg5 Rxd4 26. Qxd4 Qe2 27. Nf3
a6 28. Rd2 Rc1+ 29. Kh2 Qf1 30. b3 Kg7 31. Kg3 Rc3 32. a4 Qb1 33. b4 Qb3 34. a5
Rc4 35. Qb2 Qa4 36. Rxd5 exd5 37. e6+ f6 38. Qd2 Qc6 39. Nd4 Qd6+ 40. f4 Qxb4
41. Qe2 Rc3+ 42. Nf3 Qe4 43. Qb2 d4 44. Qb6 g5 45. hxg5 fxg5 46. fxg5 Qg4+ 47.
Kh2 Qf4+ 48. Kg1 Rc1+ 49. Kf2 Rc2+ 50. Kf1 Qe4 51. Nd2 Rc1+ 0-1

[Event "4NCL Division 1 & 2"]
[Site "Daventry, ENG"]
[Date "2022.05.01"]
[Round "8.48"]
[White "Stewart, Ashley"]
[Black "Ratnesan, Radha"]
[Result "1-0"]
[WhiteElo "2069"]
[BlackElo "1655"]
[PlyCount "65"]
[EventDate "2022.05.01"]
[WhiteTeam "Cambridge University 1"]
[BlackTeam "Barbican 4NCL"]

1. d4 Nf6 2. c4 e6 3. g3 d5 4. Bg2 Be7 5. Nf3 O-O 6. O-O Nbd7 7. Qc2 b6 8. cxd5
exd5 9. Qc6 Ba6 10. Nc3 Re8 11. Ne5 Rb8 12. Qa4 Bb7 13. Nc6 Bxc6 14. Qxc6 Nf8
15. Nxd5 Ne6 16. Nxf6+ Bxf6 17. e3 Qe7 18. Bd2 a5 19. a3 Red8 20. Bc3 Qd6 21.
b4 axb4 22. axb4 Qxc6 23. Bxc6 Rd6 24. b5 Nd8 25. Bb4 Re6 26. Bd5 Re8 27. Rfc1
Ne6 28. Ra7 Rbc8 29. Bxe6 fxe6 30. Rcxc7 Rxc7 31. Rxc7 Rb8 32. Rc6 Kf7 33. Bd6
1-0

[Event "4NCL Division 1 & 2"]
[Site "Daventry, ENG"]
[Date "2022.05.01"]
[Round "8.51"]
[White "Emms, John M"]
[Black "Sucikova, Svetlana"]
[Result "1-0"]
[WhiteElo "2478"]
[BlackElo "2209"]
[PlyCount "71"]
[EventDate "2022.05.01"]
[WhiteTeam "Chessable White Rose 1"]
[BlackTeam "Chessable White Rose 2"]

1. e4 c6 2. d4 d5 3. exd5 cxd5 4. Bd3 Nc6 5. c3 Qc7 6. h3 Nf6 7. Nf3 g6 8. Qc2
Bg7 9. O-O O-O 10. Re1 Nh5 11. Be3 a6 12. Nbd2 Nf4 13. Bf1 Bf5 14. Qb3 Rfd8 15.
Ne5 Nxe5 16. Bxf4 Nf3+ 17. Nxf3 Qxf4 18. Rxe7 Be4 19. Ne5 b5 20. Rxf7 Qh4 21.
g3 Qh5 22. Rf4 Bxe5 23. Rxe4 Bg7 24. Bg2 Qf5 25. Rae1 Kh8 26. Re7 Rf8 27. R1e2
Rad8 28. a4 Bf6 29. R7e6 Qd3 30. axb5 Bxd4 31. Qc2 Qxc2 32. Rxc2 Bg7 33. bxa6
d4 34. a7 d3 35. Rd2 Bh6 36. f4 1-0

[Event "4NCL Division 1 & 2"]
[Site "Daventry, ENG"]
[Date "2022.05.01"]
[Round "8.52"]
[White "Townsend, M Paul"]
[Black "Alsina Leal, Daniel"]
[Result "0-1"]
[WhiteElo "2229"]
[BlackElo "2509"]
[PlyCount "70"]
[EventDate "2022.05.01"]
[WhiteTeam "Chessable White Rose 2"]
[BlackTeam "Chessable White Rose 1"]

1. c4 e5 2. g3 c6 3. d4 e4 4. Nc3 Bb4 5. Bg2 d5 6. Qb3 a5 7. a3 Bxc3+ 8. Qxc3
Nf6 9. Bg5 Nbd7 10. f3 O-O 11. fxe4 dxe4 12. Nh3 h6 13. Bf4 b5 14. Nf2 Re8 15.
O-O bxc4 16. Qxc4 Qb6 17. Nxe4 Rxe4 18. Bxe4 Ba6 19. Qxc6 Qxd4+ 20. e3 Qxe4 21.
Qxe4 Nxe4 22. Rfd1 Ndc5 23. Rac1 a4 24. Bc7 Ne6 25. Be5 N4c5 26. Bc3 Nd3 27.
Rc2 Bc4 28. Rcd2 Ndc5 29. Bb4 Bb3 30. Rc1 Ne4 31. Rd7 Nf6 32. Rd6 Nd5 33. Bd2
Ng5 34. Bb4 Nxe3 35. Rc3 Nh3+ 0-1

[Event "4NCL Division 1 & 2"]
[Site "Daventry, ENG"]
[Date "2022.05.01"]
[Round "8.54"]
[White "Weller, Jean-Luc"]
[Black "Adair, James R"]
[Result "0-1"]
[WhiteElo "2240"]
[BlackElo "2451"]
[PlyCount "60"]
[EventDate "2022.05.01"]
[WhiteTeam "Chessable White Rose 2"]
[BlackTeam "Chessable White Rose 1"]

1. d4 d5 2. c4 c6 3. Nf3 Nf6 4. e3 Bf5 5. cxd5 cxd5 6. Qb3 Qc7 7. Bd2 e6 8.
Bb5+ Nc6 9. O-O Bd6 10. Bb4 O-O 11. Bxd6 Qxd6 12. Bxc6 Qxc6 13. Ne5 Qd6 14. Nc3
Nd7 15. Nxd7 Qxd7 16. Rfc1 Rfc8 17. Qb5 Rc6 18. a4 Rac8 19. f3 h5 20. a5 Qe7
21. Re1 Rc4 22. e4 a6 23. Qb3 dxe4 24. fxe4 Bg6 25. Ra4 Rxa4 26. Qxa4 Qg5 27.
d5 Qd2 28. Re2 Qc1+ 29. Kf2 Kh7 30. Qd1 Rxc3 0-1

[Event "4NCL Division 1 & 2"]
[Site "Daventry, ENG"]
[Date "2022.05.01"]
[Round "8.55"]
[White "Wells, Peter K"]
[Black "Heritage, Jamie"]
[Result "1-0"]
[WhiteElo "2374"]
[BlackElo "2142"]
[PlyCount "55"]
[EventDate "2022.05.01"]
[WhiteTeam "Chessable White Rose 1"]
[BlackTeam "Chessable White Rose 2"]

1. d4 d5 2. c4 c6 3. Nf3 Nf6 4. Nc3 dxc4 5. a4 Bf5 6. Ne5 Nbd7 7. Nxc4 Qc7 8.
g3 e5 9. dxe5 Nxe5 10. Bf4 Nfd7 11. Qc1 f6 12. Bg2 Bc5 13. a5 a6 14. O-O O-O-O
15. Na4 Ba7 16. Qc3 Be6 17. Nab6+ Bxb6 18. axb6 Nxb6 19. Nxe5 fxe5 20. Bxe5 Qd7
21. Rxa6 bxa6 22. Bxc6 Qa7 23. Bd5+ Kd7 24. Qc6+ Ke7 25. Qxe6+ Kf8 26. Bd6+
Rxd6 27. Qxd6+ Ke8 28. Rc1 1-0

[Event "4NCL Division 1 & 2"]
[Site "Daventry, ENG"]
[Date "2022.05.01"]
[Round "8.57"]
[White "Han, Yichen"]
[Black "Walton, Alan J"]
[Result "1/2-1/2"]
[WhiteElo "2303"]
[BlackElo "2101"]
[PlyCount "208"]
[EventDate "2022.05.01"]
[WhiteTeam "Chessable White Rose 1"]
[BlackTeam "Chessable White Rose 2"]

1. e4 e6 2. d4 d5 3. Nc3 Nf6 4. Bg5 Be7 5. e5 Nfd7 6. h4 a6 7. Qg4 Bxg5 8. hxg5
c5 9. dxc5 Qc7 10. O-O-O Qxc5 11. g6 f5 12. Qf4 h6 13. Nf3 Nc6 14. Bd3 Qb4 15.
Qg3 Qg4 16. Qh2 Nc5 17. Be2 Qb4 18. a3 Qa5 19. Qf4 Rf8 20. Nd4 Nxd4 21. Qxd4
Bd7 22. f3 Na4 23. Nxa4 Qxa4 24. Qxa4 Bxa4 25. b3 Bc6 26. f4 Ke7 27. Rd4 Rac8
28. Kb2 Rfd8 29. g4 fxg4 30. Bxg4 Be8 31. f5 exf5 32. Bxf5 Bd7 33. e6 Bxe6 34.
Re1 Rc6 35. c4 Kf6 36. Bc2 Rdc8 37. Rf4+ Kg5 38. Rf2 dxc4 39. Rg1+ Bg4 40. Bf5
h5 41. Bxc8 Rxc8 42. Rf7 Kxg6 43. Rxb7 Rc6 44. bxc4 Rxc4 45. Rb6+ Kg5 46. Rxa6
h4 47. Ra7 g6 48. a4 Re4 49. a5 h3 50. Kc3 Re2 51. Rh7 Ra2 52. Kb3 Rxa5 53.
Rxh3 Re5 54. Rhg3 Re4 55. Kc3 Ra4 56. R3g2 Kf5 57. Rf2+ Kg5 58. Rb2 Kf4 59. Kd3
Bf5+ 60. Ke2 Rc4 61. Rf1+ Kg4 62. Rg1+ Kf4 63. Kd2 Ra4 64. Rc1 Re4 65. Rf1+ Kg5
66. Kc3 Ra4 67. Rg2+ Kf6 68. Re2 Kg5 69. Re8 Kf6 70. Kd2 Ra3 71. Ke2 Rb3 72.
Kf2 Ra3 73. Rc1 Kg5 74. Rb8 Rd3 75. Rb6 Ra3 76. Rg1+ Kf4 77. Rb4+ Ke5 78. Re1+
Kf6 79. Re3 Ra1 80. Rb6+ Kg5 81. Rg3+ Kf4 82. Rb4+ Ke5 83. Rc3 Kf6 84. Kg3 Kg5
85. Rb2 Ra4 86. Rg2 Rb4 87. Kf3+ Kf6 88. Rc6+ Ke5 89. Re2+ Kd5 90. Rf6 Bg4+ 91.
Kf2 Bxe2 92. Kxe2 Rg4 93. Kf3 Rg1 94. Ra6 Ke5 95. Ra5+ Kf6 96. Kf2 Rb1 97. Kg3
Rb4 98. Ra6+ Kg5 99. Ra5+ Kh6 100. Ra8 Kh5 101. Ra3 g5 102. Rc3 Rg4+ 103. Kh3
Rh4+ 104. Kg3 Rg4+ 1/2-1/2

[Event "4NCL Division 1 & 2"]
[Site "Daventry, ENG"]
[Date "2022.05.01"]
[Round "8.58"]
[White "Shaw, Peter"]
[Black "Chow, Samuel"]
[Result "0-1"]
[WhiteElo "2088"]
[BlackElo "2399"]
[PlyCount "56"]
[EventDate "2022.05.01"]
[WhiteTeam "Chessable White Rose 2"]
[BlackTeam "Chessable White Rose 1"]

1. d4 Nf6 2. c4 g6 3. Nc3 d5 4. cxd5 Nxd5 5. Bd2 Bg7 6. e4 Nxc3 7. Bxc3 O-O 8.
h3 c5 9. d5 e6 10. Bc4 b5 11. Bxb5 Bxc3+ 12. bxc3 Qa5 13. Rb1 Qxc3+ 14. Qd2
Qxd2+ 15. Kxd2 exd5 16. exd5 Bb7 17. Bc4 Bxd5 18. Bxd5 Rd8 19. Rb3 Rxd5+ 20.
Rd3 Rxd3+ 21. Kxd3 Nd7 22. Nf3 Rb8 23. Rd1 Rb4 24. Kc2 Nb6 25. Rd8+ Kg7 26. Ne5
Ra4 27. Kb2 Re4 28. Nf3 Re2+ 0-1

[Event "4NCL Division 1 & 2"]
[Site "Daventry, ENG"]
[Date "2022.05.01"]
[Round "8.61"]
[White "Gourlay, Iain"]
[Black "Moreby, James"]
[Result "1/2-1/2"]
[WhiteElo "2318"]
[BlackElo "2409"]
[PlyCount "103"]
[EventDate "2022.05.01"]
[WhiteTeam "Alba"]
[BlackTeam "The Sharks 1"]

1. c4 c6 2. Nf3 d5 3. g3 Bg4 4. Bg2 e6 5. d4 Nd7 6. h3 Bh5 7. cxd5 exd5 8. O-O
Bd6 9. Nc3 Ngf6 10. Nh4 Bg6 11. Bg5 Qb6 12. Nxg6 hxg6 13. e4 dxe4 14. d5 c5 15.
Nxe4 Nxe4 16. Bxe4 O-O 17. Qc2 Be5 18. Rad1 Rfe8 19. d6 Bxd6 20. Bd5 Nf8 21.
Rfe1 Re5 22. Rxe5 Bxe5 23. Qc4 Qc7 24. Rc1 Rc8 25. b4 Bxg3 26. bxc5 Bh2+ 27.
Kg2 Be5 28. Qe4 Rb8 29. Re1 Nd7 30. Qxg6 Nf6 31. Qxf7+ Qxf7 32. Bxf7+ Kxf7 33.
Rxe5 Rc8 34. Kf3 Rc6 35. h4 Ra6 36. Re2 Ra3+ 37. Kg2 Nd5 38. Rb2 b6 39. cxb6
axb6 40. Bd8 Ra4 41. Kg3 Nc3 42. Rb3 Ne4+ 43. Kg2 Rxa2 44. Bxb6 Ra4 45. Be3 Nf6
46. Kh3 Kg6 47. Rb5 Ra1 48. h5+ Kh7 49. h6 gxh6 50. Rb6 Nd5 51. Rxh6+ Kg7 52.
Bd4+ 1/2-1/2

[Event "4NCL Division 1 & 2"]
[Site "Daventry, ENG"]
[Date "2022.05.01"]
[Round "8.62"]
[White "Roberson, Peter T"]
[Black "Olson, Hamish"]
[Result "1/2-1/2"]
[WhiteElo "2430"]
[BlackElo "2300"]
[PlyCount "83"]
[EventDate "2022.05.01"]
[WhiteTeam "The Sharks 1"]
[BlackTeam "Alba"]

1. e4 e5 2. Nf3 Nc6 3. Bc4 Bc5 4. c3 Nf6 5. d4 exd4 6. e5 d5 7. Bb5 Ne4 8. cxd4
Bb6 9. Nc3 O-O 10. Be3 Bg4 11. h3 Bh5 12. Qc2 Nxc3 13. bxc3 f6 14. exf6 Qxf6
15. Be2 Bg6 16. Qd1 Qd6 17. O-O Kh8 18. a4 Bh5 19. Re1 Bxf3 20. Bxf3 Na5 21.
Ra2 c6 22. g3 Qf6 23. Bf4 Rae8 24. Rae2 Rxe2 25. Qxe2 Bd8 26. Bh5 Nc4 27. Qg4
Kg8 28. Re6 Qf5 29. Qe2 Ba5 30. Bg4 Qb1+ 31. Kg2 Qb2 32. Qxb2 Nxb2 33. Re7 Nc4
34. Rxb7 Bxc3 35. Be3 Nxe3+ 36. fxe3 Bd2 37. Re7 Rf6 38. Re6 Rxe6 39. Bxe6+ Kf8
40. Kf3 Ke7 41. Bf5 h6 42. Ke2 1/2-1/2

[Event "4NCL Division 1 & 2"]
[Site "Daventry, ENG"]
[Date "2022.05.01"]
[Round "8.64"]
[White "Makkar, Rajat"]
[Black "Morrison, Graham"]
[Result "1/2-1/2"]
[WhiteElo "2348"]
[BlackElo "2227"]
[PlyCount "93"]
[EventDate "2022.05.01"]
[WhiteTeam "The Sharks 1"]
[BlackTeam "Alba"]

1. Nf3 Nf6 2. c4 c5 3. Nc3 e6 4. e3 d5 5. cxd5 Nxd5 6. Nxd5 Qxd5 7. b3 Be7 8.
Bb2 O-O 9. Bc4 Qd6 10. h4 Nc6 11. Ng5 e5 12. Qc2 Qg6 13. Bd3 f5 14. Qc4+ Kh8
15. f4 exf4 16. exf4 Bf6 17. O-O-O Bxb2+ 18. Kxb2 Qf6+ 19. Kb1 b6 20. Rde1 Nb4
21. Be2 Ba6 22. Qe6 Bd3+ 23. Bxd3 Nxd3 24. Qxf6 Rxf6 25. Re3 Nxf4 26. Rf1 Nh5
27. Re5 h6 28. Nh3 Raf8 29. Rf3 R6f7 30. Kc2 g6 31. Rd3 Kg7 32. a3 f4 33. Rf3
Rf5 34. Re4 g5 35. Re7+ Kg6 36. hxg5 hxg5 37. Nf2 R8f7 38. Re6+ R5f6 39. Re5
Rf5 40. Re6+ R5f6 41. Re5 Ng3 42. Ng4 Rf5 43. Re6+ Kh5 44. Ne5 Rg7 45. Nd3 Rd7
46. Re1 Kh6 47. Re6+ 1/2-1/2

[Event "4NCL Division 1 & 2"]
[Site "Daventry, ENG"]
[Date "2022.05.01"]
[Round "8.65"]
[White "Berry, Neil"]
[Black "Holland, James P"]
[Result "1/2-1/2"]
[WhiteElo "2260"]
[BlackElo "2387"]
[PlyCount "100"]
[EventDate "2022.05.01"]
[WhiteTeam "Alba"]
[BlackTeam "The Sharks 1"]

1. d4 Nf6 2. c4 c5 3. d5 e6 4. Nc3 exd5 5. cxd5 d6 6. Nf3 g6 7. Nd2 Bg7 8. e4
O-O 9. Be2 Na6 10. O-O Nc7 11. a4 b6 12. Nc4 Ba6 13. Bg5 Qd7 14. h3 Rae8 15.
Qc2 h6 16. Bf4 Nh5 17. Bh2 Bxc4 18. Bxc4 Be5 19. Bxe5 dxe5 20. Ne2 Qd6 21. Ra3
Kh7 22. g3 f5 23. exf5 gxf5 24. g4 Qg6 25. d6 Ne6 26. d7 Re7 27. Bxe6 Rxe6 28.
Rd1 Rd8 29. Ng3 fxg4 30. Qxg6+ Kxg6 31. Nxh5 Kxh5 32. Rg3 gxh3 33. Kh2 Rg6 34.
Kxh3 Rxg3+ 35. Kxg3 Kg5 36. Kf3 Kf5 37. a5 bxa5 38. Rd6 h5 39. Kg3 Kg5 40. Re6
h4+ 41. Kh3 Kf4 42. Rf6+ Ke4 43. Rd6 Kf4 44. Rf6+ Kg5 45. Re6 Kf5 46. Rd6 e4
47. Kxh4 Ke5 48. Rd2 a4 49. Kg4 c4 50. f4+ exf3 1/2-1/2

[Event "4NCL Division 1 & 2"]
[Site "Daventry, ENG"]
[Date "2022.05.01"]
[Round "8.66"]
[White "Dong, Bao Nghia"]
[Black "White, Stuart A"]
[Result "1-0"]
[WhiteElo "2339"]
[BlackElo "2038"]
[PlyCount "81"]
[EventDate "2022.05.01"]
[WhiteTeam "The Sharks 1"]
[BlackTeam "Alba"]

1. Nf3 d5 2. c4 c6 3. g3 Nf6 4. Bg2 dxc4 5. Na3 Qd5 6. Qc2 Be6 7. O-O Nbd7 8.
Rd1 g6 9. d4 cxd3 10. Rxd3 Qc5 11. Rc3 Qf5 12. Qd1 Ne4 13. Rd3 Ndc5 14. Be3
Nxd3 15. exd3 Nf6 16. Nd4 Qh5 17. Qxh5 Nxh5 18. Nxc6 Bg7 19. Nc4 Bxc4 20. dxc4
Rc8 21. Nxa7 Rxc4 22. Bxb7 O-O 23. Nc6 Bxb2 24. Nxe7+ Kg7 25. Rb1 Be5 26. Bd5
Rc7 27. Nc6 Nf6 28. Bf3 Nd7 29. a4 Rfc8 30. Na7 Rb8 31. Rd1 Rb3 32. Nb5 Rxb5
33. axb5 Nb8 34. Rd8 Rc3 35. Re8 Kf6 36. Kg2 Rb3 37. b6 Nd7 38. b7 h5 39. h4
Kg7 40. Bc6 Nb8 41. Bd5 1-0

[Event "4NCL Division 1 & 2"]
[Site "Daventry, ENG"]
[Date "2022.05.01"]
[Round "8.67"]
[White "Cooke, Suzie G."]
[Black "Dilley, Jason M"]
[Result "1/2-1/2"]
[WhiteElo "1924"]
[BlackElo "2224"]
[PlyCount "57"]
[EventDate "2022.05.01"]
[WhiteTeam "Alba"]
[BlackTeam "The Sharks 1"]

1. d4 d5 2. Bf4 e6 3. e3 c5 4. c3 Nc6 5. Nf3 Nf6 6. Nbd2 cxd4 7. exd4 Nh5 8.
Bg3 Bd6 9. Bd3 Nf4 10. Bxf4 Bxf4 11. O-O O-O 12. Re1 Qf6 13. Ne5 Qh6 14. Ndf3
f6 15. Ng4 Qh5 16. h3 Kh8 17. Ne3 Bd7 18. Nh2 Qf7 19. Qf3 Bc7 20. Bc2 Rad8 21.
Rad1 Ne7 22. c4 Bc6 23. cxd5 Nxd5 24. Nxd5 Bxd5 25. Be4 Bxa2 26. b3 f5 27. Bxb7
Bxh2+ 28. Kxh2 Rb8 29. Ra1 1/2-1/2